Systém ochrany bezpečnosti produktov v rámci EÚ diplomová práca

Guardado en:
Detalles Bibliográficos
Autor principal: Kostovčíková, Dana
Autor Corporativo: Obchodná fakulta EU. Katedra tovaroznalectva a kvality tovaru
Otros Autores: Lacková, Alica
Formato: Libro
Lenguaje:eslovaco
Publicado: Bratislava 2013
Etiquetas: Agregar Etiqueta
Sin Etiquetas, Sea el primero en etiquetar este registro!

MARC

LEADER 00000nbm a2200000 4500
001 0169533
005 20161109102310.5
041 0 |a slo 
044 |a SK 
245 1 0 |a Systém ochrany bezpečnosti produktov v rámci EÚ  |b diplomová práca  |c Dana Kostovčíková ; školiteľ: Alica Lacková 
264 1 |a Bratislava  |c 2013 
300 |a 75 s. 
100 1 |a Kostovčíková, Dana 
700 1 |a Lacková, Alica 
710 2 |a Obchodná fakulta EU. Katedra tovaroznalectva a kvality tovaru